000 00325 a2200109 4500
001 ART_8430
005 20260410161833.0
008 260409a
245 1 0 _aActualidad financiera y cambiaria
100 1 _aSun, Ramón F.
773 0 _tContabilidad y administración
_g- Año 2, Nº 24 (jun. 1979)
_wREV5485
999 _c23411
_d23411